000 00816nam a22002657a 4500
001 0011700
003 DO-SdBNP
005 20180122090901.0
007 0011700
008 161031b 1978 sp||||| |||| 00| 0 spa d
020 _a8425310334
040 _aBPMSU
_bspa
_cBPMSU
082 _axxxxxxxx
_bxxxxxxx
100 1 _aWestley, Ana
245 1 0 _aCómo se hacen los niños /
_cAna Westley ; prólogo Angel Sopeña Ibañez ; dibujos Juan Salto
250 _a7a ed.
260 _aBarcelona :
_bGrijaldo,
_c1978.
300 _a36 p. :
_bil.,
_c26 cm.
500 _aUn eficaz instrumento de ayuda para los padres y educadores.
700 1 _aSopeña Ibañez, Angel,
_epról.
700 1 _aSalto, Juan,
_edibujos
942 _2ddc
_cBK
945 _aInventariado, 2018 / YL
956 _aBTAVÁREZ
_b10
_c20161031
_d0011700
999 _c11736
_d11736